00340nam a2200121Ia 450000500170000000800410001708200130005810000180007124500360008926000410012530000130016650000390017920250425063713.0240331s9999 xx 000 0 und d bABEa891 aAbesinghe,W.A 0aKamala dasge anuragaye mulpotha aWarakapolabAriya Prakashakayoc1987 a200 p ., a Translation of Alphabet lust book